000 00438nam a22001817a 4500
003 MPLRDC
005 20220104143152.0
008 210129b ||||| |||| 00| 0 eng d
020 _a983-50-1892-8
082 _a859.61 CCWS v.2
100 _aWAYNE FORD绘图
245 _a草原上的巨人
_c
260 _a
_b彩虹出版有限公司
_c
300 _b
490 _a猜猜我是谁
650 _a
942 _cBK
_o859.61 CCWS v.2
999 _c37291
_d37281